The mendonca mystery and other stories / (Record no. 96512)

MARC details
000 -LEADER
fixed length control field 00639nam a22002057a 4500
005 - DATE AND TIME OF LATEST TRANSACTION
control field 20150915125228.0
010 ## - LCCN (DPL NO)
LC control number ENG-113940
020 ## - INTERNATIONAL STANDARD BOOK NUMBER
Terms of availability 400.00
International Standard Book Number 9789350450680
035 ## - SYSTEM CONTROL NUMBER
System control number EN-97472
037 ## - SOURCE OF ACQUISITION
Source of stock number/acquisition DBAD/PUB
Stock number dpl
082 ## - DEWEY DECIMAL CLASSIFICATION NUMBER
Classification number S
100 ## - MAIN ENTRY--PERSONAL NAME
Personal name Daniels, Michael Chacko
245 ## - TITLE STATEMENT
Title The mendonca mystery and other stories /
Statement of responsibility, etc by Michael Chacko Daniels ; illustrated by Krittika Ramanujan [and] Aaron Bass
260 ## - PUBLICATION, DISTRIBUTION, ETC. (IMPRINT)
Place of publication, distribution, etc Calcutta
Name of publisher, distributor, etc Writers Workshop
Date of publication, distribution, etc 2014
270 ## - ADDRESS
Address 162/92, Lake Gardens,
City Calcutta
Postal code 700045
300 ## - PHYSICAL DESCRIPTION
Extent 209p.
Dimensions 22cm(Hb)
700 ## - ADDED ENTRY--PERSONAL NAME
Personal name Ramanujan, Krittika
700 ## - ADDED ENTRY--PERSONAL NAME
Personal name Bass, Aaron
942 ## - ADDED ENTRY ELEMENTS (KOHA)
Source of classification or shelving scheme Dewey Decimal Classification
Item type English Books
Call number suffix DAN
Classification part S
Holdings
Withdrawn status Lost status Not for loan Collection code Home library Current library Date acquired Source of acquisition Cost, normal purchase price Full call number Barcode Copy number Cost, replacement price Koha item type
    Not For Loan Fiction D.B.Act.Division D.B.Act.Division 27/08/2015 DBAD/PUB 400.00 S DAN EN-97472 1 400.00 English Books

© Delhi Public Library
Hit Counter
free hit counter